| 000 | 00930nas a2200289 4500 | ||
|---|---|---|---|
| 001 | BR9704813 | ||
| 003 | BR-BrBNA | ||
| 005 | 20231205100549.0 | ||
| 007 | ta | ||
| 008 | 230509b bl.|||p| |||| 00| 00por d | ||
| 040 |
_aBR-BrBNA _bpor _cBiblioteca Nacional de Agricultura |
||
| 041 | _a(Pt) | ||
| 072 | _aL10 | ||
| 100 | 1 | _aAlencar, M.M. de | |
| 100 | 1 | _aTrematore, R.L. | |
| 100 | 1 | _aBarbosa, P.F. | |
| 100 | 1 | _aAlmeida, M.A. de | |
| 100 | 1 | _aOliveira, J. de A.L. | |
| 245 | 1 | _aDesempenho de bezerros filhos de touros das racas Nelore e Canchim e cruzados (F1)Charoles x Nelore e Piemontes x Nelore | |
| 650 | _aGado de Corte | ||
| 650 | _aCruzamento Animal | ||
| 650 | _aMelhoramento Genetico Animal | ||
| 650 | _aRaca | ||
| 773 | 0 |
_tRevista Brasileira de Zootecnia (Brazil) _xISSN 0100-4859 _g(May-Jun 1997), v. 26(3) p. 461-466 _wBR9704813 |
|
| 909 |
_a202311 _bLúcia _c55 _dLúcia Elande |
||
| 942 |
_2AGRIS _n0 _cANA |
||
| 999 |
_c156719 _d156719 |
||